000 00215nam a2200085Ia 4500
005 20250523155752.0
008 250523s9999 xx 000 0 und d
245 0 _aDünyanın Yeni Sahipleri
_cJean Ziegler
260 _bALTIN
999 _c12122
_d12122